| 000 | 01896nam a22004817a 4500 | ||
|---|---|---|---|
| 001 | 000095257 | ||
| 003 | CHAP | ||
| 005 | 20220329143102.0 | ||
| 008 | 060217d2005 mx a d r 00110 spa d | ||
| 010 | _a91723 | ||
| 011 | _a92695 | ||
| 035 | _a103260 | ||
| 040 | _cCHAP | ||
| 090 | _aTesis | ||
| 100 | 1 |
_aBarrera Acevedo, Ana Line. _910370 |
|
| 245 | 1 | 0 |
_aEntomofauna asociada a la interacción de : _blimón persa (Citrus latifolia Tan.) y Arachis pintoi, mediante el uso de trampas Pill trape en Huipiltepec, Mtz. de la Torre, Veracruz / _c/por Ana Line Barrera Acevedo. |
| 260 |
_aChapingo, Méx. : _bEl autor, _c2005. |
||
| 300 |
_a69 h. : _bilus. ; gráfs. ; cuadros ; tabla. |
||
| 502 | _aTesis (Ing. Agr. Esp. en Fitotecnia) -- UACH. Departamento de Fitotecnia | ||
| 590 |
_aALEPH _b10 _c20130110 _lUCH01 _h1509 |
||
| 590 |
_aBATCH-UPD _b10 _c20130110 _lUCH01 _h0715 |
||
| 590 |
_aBATCH-UPD _b10 _c20130110 _lUCH01 _h2335 |
||
| 590 |
_aBATCH-UPD _b10 _c20130410 _lUCH01 _h0401 |
||
| 590 |
_aBATCH-UPD _b10 _c20130914 _lUCH01 _h0028 |
||
| 590 |
_aBATCH-UPD _b10 _c20140324 _lUCH01 _h1454 |
||
| 590 |
_aBATCH-UPD _b10 _c20141002 _lUCH01 _h0828 |
||
| 590 |
_aBATCH _b00 _c20181121 _lUCH01 _h0758 |
||
| 590 |
_aCONVERSION _b10 _c20130109 _lUCH01 _h1351 |
||
| 590 |
_aE11695DGD _b10 _c20190604 _lUCH01 _h1127 |
||
| 590 |
_aE12093SGE _b10 _c20130717 _lUCH01 _h1325 |
||
| 650 | 1 | 4 |
_aAgricultura _xPlagas. _91764 |
| 650 | 1 | 4 |
_aArachis pintoi. _96412 |
| 650 | 1 | 4 |
_aCultivos _xPlagas. _930305 |
| 650 | 1 | 4 |
_aLimón persa _zVeracruz. _966879 |
| 650 | 1 | 4 |
_aTrampas para insectos. _9114609 |
| 856 |
_3Finding aid _uhttp://10.13.5.2/tesis/103260.pdf _zTeclea aquí |
||
| 901 | _aBK | ||
| 905 | _aMarco A. Mendoza T. | ||
| 942 | _cCD | ||
| 942 | _n0 | ||
| 949 |
_aTesis _bBC _cTES _d00000001032601 _eTS1 _gDonaciØn _h44679 _i103260 _sb |
||
| 949 |
_aTesis _bBC _cTES _d33724000980256 _eTS2 _fc.2 _gDonaciØn _h44680 _i103260 _si |
||
| 999 |
_c91723 _d91723 |
||